000 00935nam a22001937a 4500
999 _c62634
_d62634
003 Ge_BSU
005 20241224164538.0
008 241224s1942 ge ||||| |||| 00| 0 geo d
041 _ageo
080 _a611.9(075) დ-32
100 _aდემეტრაძე, ნ.ი.
_923746
245 _aტოპოგრაფიული ანატომიის სახელმძღვანელო. ნაწ. 1 /
_cნ.ი. დემეტრაძე; წინასიტყვ. ავტ. ა. ნათიშვილი.
264 _aთბილისი :
_bსაქმედგამი,
_c1942.
300 _a248 გვ. :
_bილ.;
_c25 სმ.
653 _aტოპოგრაფიული ანატომია
653 _aმედიცინა
700 _aნათიშვილი, ა.
_eწინასიტყვაობის ავტორი
_923488
942 _2udc
_cᲬᲘᲒᲜᲘ